000 00587nam a2200229Ia 4500
003 OSt
005 20220918204231.0
006 a|||||r|||| 00| 0
007 ta
008 220917b |||||||| |||| 00| 0 eng d
024 _a111,657
037 _cTextual
040 _aARTS
_cARTS
_beng
041 _2eng
_aeng
082 _aV541:1:M54, K6
100 _aKiernan V G
_915598
245 0 _aRevolution of 1854 in Spanish history
260 _aNA
_bNA
_c1966
650 _aHISTORY
942 _hV541:1:M54, K6
_cTEXL
_2CC
999 _c235006
_d235006